Sus mejores páginas
Guardado en:
| Hovedforfatter: | |
|---|---|
| Format: | Bog |
| Sprog: | Undetermined |
| Udgivet: |
Santiago, Chile
Nascimento
1933
|
| Fag: | |
| Tags: |
Tilføj Tag
Ingen Tags, Vær først til at tagge denne postø!
|
MARC
| LEADER | 00000nam a2200000Ia 4500 | ||
|---|---|---|---|
| 008 | 170316s9999 xx 000 0 und d | ||
| 040 | |a cru BVZT | ||
| 090 | |a 840 P-21s | ||
| 100 | |a Proust, Marcel | ||
| 245 | |a Sus mejores páginas | ||
| 260 | |a Santiago, Chile | ||
| 260 | |b Nascimento | ||
| 260 | |c 1933 | ||
| 300 | |a 387 páginas | ||
| 650 | |a LITERATURA FRANCESA | ||
| 999 | |c 7895 |d 7895 | ||
| 942 | |c 15 D |h 840 P-21s |2 z | ||
